000 00307 a2200121 4500
000 nam a22 7a 4500
005 20260423165106.0
020 _a9781570759963
100 _aSwami Vivekananda
_9209549
245 _aSwami Vivekananda : Essential Writings
260 _bOrbis Books
_c2012
942 _cTEXL
999 _c1848468
_d1848468